[Event "GRE-chT Online Rapid op 1st"]
[Site "Tornelo INT"]
[Date "2021.02.20"]
[Round "2.14"]
[White "Magalakis, Stefanos"]
[Black "Paouris, Nikolaos"]
[Result "0-1"]
[WhiteElo "2030"]
[BlackElo "1867"]
[PlyCount "186"]
[EventDate "2021.02.20"]
[EventType "team-swiss (rapid)"]
[EventRounds "9"]
[EventCountry "GRE"]
[SourceTitle "EXT 2023"]
[Source "ChessBase"]
[SourceDate "2022.10.05"]
[SourceVersion "1"]
[SourceVersionDate "2022.10.05"]
[SourceQuality "1"]

1. Nf3 Nf6 2. d4 e6 3. Bg5 c5 4. e3 Qb6 5. Nbd2 Nc6 6. Nc4 Qc7 7. Bf4 Qd8 8. dxc5 Bxc5 9. Bd6 Bxd6 10. Nxd6+ Ke7 11. c3 Qa5 12. Nc4 Qd5 13. Qxd5 Nxd5 14. 0-0-0 f6 15. e4 Nc7 16. Ne3 b6 17. Bd3 Bb7 18. Rhe1 g5 19. Nd5+ exd5 20. exd5+ Kf7 21. dxc6 Bxc6 22. Bc4+ d5 23. Bb3 Rhe8 24. Nd4 Rxe1 25. Rxe1 Bd7 26. Rd1 Be6 27. Kd2 Re8 28. Re1 Bd7 29. Ra1 Re5 30. a4 a5 31. Re1 Rxe1 32. Kxe1 Ke7 33. Kd2 Kd6 34. Bc2 h5 35. Ke3 Na6 36. b3 Nc5 37. f4 g4 38. g3 Be8 39. Nf5+ Kc6 40. b4 Ne6 41. Nd4+ Nxd4 42. Kxd4 Kd6 43. Bb3 Bf7 44. b5 Be6 45. Bc2 Bf7 46. Bf5 Kc7 47. Bd3 Kd6 48. Bc2 Ke6 49. Bb3 Kd6 50. Ba2 Be6 51. Bb1 Bf7 52. Bf5 Kc7 53. h3 gxh3 54. Bxh3 Kd6 55. Bg2 Be6 56. Bf3 Bf7 57. f5 Be8 58. Bxd5 Bd7 59. Be4 Bc8 60. Bd3 Bd7 61. c4 Bc8 62. Be4 Bd7 63. Bc2 Bc8 64. Bd3 Bd7 65. Bb1 Bc8 66. Be4 Bd7 67. Bc2 Bc8 68. Ke4 Bd7 69. Bd1 Be8 70. Kd4 Bd7 71. Ke4 Be8 72. Kd4 Bd7 73. Bxh5 Bxf5 74. Bd1 Bg6 75. Bb3 Bh7 76. c5+ bxc5+ 77. Ke3 Kc7 78. Bc4 Bc2 79. Kf4 Bxa4 80. Kf5 Bd1 81. Kxf6 a4 82. Ba2 Bb3 83. Bb1 a3 84. Ke5 a2 85. Bxa2 Bxa2 86. g4 Kb6 87. g5 Bb1 88. Kf4 Kxb5 89. Ke3 Bg6 90. Kd2 Kb4 91. Kc1 Kc3 92. Kd1 Kb2 93. Kd2 c4 0-1

[Event "GRE-chT Online Rapid op 1st"]
[Site "Tornelo INT"]
[Date "2021.02.20"]
[Round "3.28"]
[White "Paouris, Nikolaos"]
[Black "Limnaios, Emmanouil"]
[Result "1-0"]
[WhiteElo "1867"]
[BlackElo "1127"]
[PlyCount "75"]
[EventDate "2021.02.20"]
[EventType "team-swiss (rapid)"]
[EventRounds "9"]
[EventCountry "GRE"]
[SourceTitle "EXT 2023"]
[Source "ChessBase"]
[SourceDate "2022.10.05"]
[SourceVersion "1"]
[SourceVersionDate "2022.10.05"]
[SourceQuality "1"]

1. c4 Nf6 2. Nc3 g6 3. e4 d6 4. d4 Bg7 5. Nf3 0-0 6. Be2 Nbd7 7. 0-0 e5 8. Be3 Ng4 9. Bg5 Bf6 10. Bxf6 Ngxf6 11. b4 b6 12. d5 a5 13. a3 Bb7 14. Qc2 c5 15. dxc6 Bxc6 16. Rfd1 axb4 17. axb4 Rxa1 18. Rxa1 Qc7 19. Nd2 Rb8 20. Qd3 Nf8 21. Nb3 Ne6 22. f3 Nf4 23. Qe3 Rd8 24. Bf1 Qb7 25. g3 Ne6 26. Bh3 Ra8 27. Rxa8+ Qxa8 28. Bxe6 fxe6 29. Qxb6 Qa3 30. Qxc6 Qxb3 31. Qxd6 Qxc3 32. Qxe6+ Kg7 33. Qe7+ Kh6 34. Qxf6 Qe1+ 35. Kg2 Qe2+ 36. Kh3 Qf1+ 37. Kg4 Qxc4 38. Qf8# 1-0

[Event "Heraklio op 15th"]
[Site "Athens"]
[Date "2012.06.10"]
[Round "2"]
[White "Paouris, Nikolaos"]
[Black "Kostouros, Alexandros"]
[Result "1/2-1/2"]
[WhiteElo "1980"]
[BlackElo "2174"]
[PlyCount "105"]
[EventDate "2012.06.09"]
[EventType "swiss"]
[EventRounds "9"]
[EventCountry "GRE"]
[SourceTitle "CBM 148 Extra"]
[Source "ChessBase"]
[SourceDate "2012.06.22"]
[SourceVersion "1"]
[SourceVersionDate "2012.06.22"]
[SourceQuality "1"]

1. c4 c6 2. g3 d5 3. Nf3 dxc4 4. Bg2 b5 5. 0-0 Bb7 6. b3 cxb3 7. Qxb3 Nf6 8. Ba3 e6 9. Bxf8 Kxf8 10. Nc3 Nbd7 11. a4 a6 12. d4 Nb6 13. Ne5 Nbd5 14. Bxd5 Nxd5 15. Nxd5 Qxd5 16. Qxd5 exd5 17. Rfc1 Rc8 18. axb5 cxb5 19. Rxc8+ Bxc8 20. Rc1 Be6 21. Rc6 Ke7 22. Rxa6 Rc8 23. Rb6 Rc1+ 24. Kg2 Rb1 25. Kf3 g5 26. Ke3 Rh1 27. Rxb5 Rxh2 28. Nf3 Rh5 29. Rb7+ Kf6 30. Ne5 Rh1 31. g4 Ra1 32. f3 Ra8 33. Nd7+ Kg6 34. Nc5 Re8 35. Rb6 h5 36. gxh5+ Kxh5 37. Kf2 g4 38. Kg3 gxf3 39. exf3 Kg5 40. Nd3 Kf5 41. Rd6 Rb8 42. Kf2 Rb3 43. Ke3 Kg5 44. Kd2 Bf5 45. Nc5 Rxf3 46. Rxd5 Kf4 47. Re5 Ra3 48. Re7 Bg6 49. Re5 Kg3 50. Re3+ Rxe3 51. Kxe3 f5 52. Ne6 Bf7 53. Nf4 1/2-1/2

[Event "Porto Carras op 5th"]
[Site "Porto Carras"]
[Date "2010.07.13"]
[Round "4"]
[White "Galopoulos, Panagiotis"]
[Black "Paouris, Nikolaos"]
[Result "1-0"]
[WhiteElo "2095"]
[BlackElo "1988"]
[PlyCount "75"]
[EventDate "2010.07.11"]
[EventType "swiss"]
[EventRounds "9"]
[EventCountry "GRE"]
[SourceTitle "CBM 137 Extra"]
[Source "ChessBase"]
[SourceDate "2010.09.01"]
[SourceVersion "1"]
[SourceVersionDate "2010.09.01"]
[SourceQuality "1"]

1. e4 c6 2. d4 d5 3. Nc3 dxe4 4. Nxe4 Bf5 5. Ng3 Bg6 6. h4 h6 7. Nf3 Nd7 8. h5 Bh7 9. Bd3 Bxd3 10. Qxd3 e6 11. Bf4 Qa5+ 12. Bd2 Bb4 13. c3 Be7 14. c4 Qc7 15. 0-0-0 Ngf6 16. Kb1 0-0 17. Ne4 Rad8 18. Bc3 Nxe4 19. Qxe4 Nf6 20. Qe2 c5 21. dxc5 Bxc5 22. Ne5 Nd7 23. Nxd7 Rxd7 24. Rxd7 Qxd7 25. Qe5 Qd3+ 26. Ka1 f6 27. Qxc5 Rd8 28. a3 b6 29. Qc7 Rd7 30. Qf4 e5 31. Qg4 f5 32. Qg6 Rd6 33. Qe8+ Kh7 34. Qxe5 Rd7 35. Re1 Qc2 36. Ka2 Qd3 37. Qe6 Rd6 38. Qf7 1-0

[Event "Athens Smaok op 4th"]
[Site "Athens"]
[Date "2010.02.02"]
[Round "4"]
[White "Paouris, Nikolaos"]
[Black "Koutsoukos, Konstantinos"]
[Result "1-0"]
[WhiteElo "1909"]
[BlackElo "1634"]
[PlyCount "33"]
[EventDate "2010.01.12"]
[EventType "swiss"]
[EventRounds "7"]
[EventCountry "GRE"]
[SourceTitle "EXT 2011"]
[Source "ChessBase"]
[SourceDate "2010.11.26"]
[SourceVersion "1"]
[SourceVersionDate "2010.11.26"]
[SourceQuality "1"]

1. Nf3 Nf6 2. c4 c5 3. g3 g6 4. Bg2 Bg7 5. 0-0 0-0 6. Nc3 e6 7. a3 Nc6 8. d4 cxd4 9. Nxd4 Rb8 10. Bf4 Ra8 11. Bd6 Re8 12. Ndb5 Bf8 13. Nc7 Bxd6 14. Qxd6 Rb8 15. Nxe8 Nxe8 16. Qd2 b6 17. Bxc6 1-0

[Event "Athens Kaissa op 1st"]
[Site "Athens"]
[Date "2009.09.27"]
[Round "5.7"]
[White "Paouris, Nikolaos"]
[Black "Delithanasis, Dimitrios"]
[Result "1/2-1/2"]
[WhiteElo "1912"]
[BlackElo "2244"]
[PlyCount "120"]
[EventDate "2009.09.13"]
[EventType "swiss"]
[EventRounds "7"]
[EventCountry "GRE"]
[SourceTitle "EXT 2024"]
[Source "ChessBase"]
[SourceDate "2023.10.10"]
[SourceVersion "1"]
[SourceVersionDate "2023.10.10"]
[SourceQuality "1"]

1. Nf3 f5 2. d3 d6 3. e4 e5 4. exf5 Bxf5 5. Nc3 Nf6 6. Be2 Nc6 7. 0-0 Be7 8. Nh4 Be6 9. f4 0-0 10. Nf3 Nd5 11. Nxd5 Bxd5 12. fxe5 dxe5 13. Be3 Bf6 14. Nd2 Qe7 15. Bf3 Bxf3 16. Qxf3 Qb4 17. Qd5+ Kh8 18. Qc4 Rfd8 19. a3 Qxc4 20. Nxc4 e4 21. dxe4 Re8 22. Rae1 Rxe4 23. b3 Bc3 24. Rd1 b5 25. Rd3 Bf6 26. Nd2 Rxe3 27. Rxe3 Bd4 28. Rfe1 Re8 29. Kf2 g5 30. Nf3 Rf8 31. Kg3 Bc5 32. Re8 Bd6+ 33. Kf2 g4 34. Rxf8+ Bxf8 35. Re6 Bc5+ 36. Kf1 Bd6 37. Ng5 Nd4 38. Nf7+ Kg7 39. Nxd6 Nxe6 40. Nxb5 a6 41. Nc3 Nd4 42. Nd5 c6 43. Ne3 h5 44. Ke1 Kf6 45. Kd2 Ke5 46. Kd3 Ne6 47. Nc4+ Kd5 48. Ne3+ Ke5 49. b4 Nf4+ 50. Kd2 Ke4 51. a4 Ne6 52. c3 Nf4 53. a5 Ne6 54. Nf1 h4 55. Ne3 h3 56. gxh3 gxh3 57. c4 Kd4 58. Ke2 Kc3 59. b5 cxb5 60. cxb5 axb5 1/2-1/2

[Event "Athens Kaissa op 1st"]
[Site "Athens"]
[Date "2009.09.17"]
[Round "2.5"]
[White "Klokas, Konstantinos"]
[Black "Paouris, Nikolaos"]
[Result "1-0"]
[WhiteElo "2155"]
[BlackElo "1912"]
[PlyCount "75"]
[EventDate "2009.09.13"]
[EventType "swiss"]
[EventRounds "7"]
[EventCountry "GRE"]
[SourceTitle "EXT 2024"]
[Source "ChessBase"]
[SourceDate "2023.10.10"]
[SourceVersion "1"]
[SourceVersionDate "2023.10.10"]
[SourceQuality "1"]

1. e4 c6 2. d4 d5 3. e5 Bf5 4. g4 Be4 5. f3 Bg6 6. h4 h5 7. e6 Qd6 8. exf7+ Bxf7 9. g5 e5 10. Qe2 Nd7 11. Bf4 0-0-0 12. Bxe5 Nxe5 13. dxe5 Qb4+ 14. Nd2 Qxb2 15. Rb1 Qxc2 16. Bh3+ Kb8 17. f4 Bg6 18. Ngf3 Bc5 19. e6 Be4 20. f5 Qc3 21. Rb3 Qc1+ 22. Qd1 Qxd1+ 23. Kxd1 Bd6 24. Re1 Bxf3+ 25. Rxf3 Rf8 26. Ref1 Be7 27. Nb3 Kc7 28. Nc1 Nf6 29. gxf6 Bxf6 30. Nd3 Kd6 31. Nf4 Rc8 32. Ng6 Rhe8 33. Kc2 b5 34. Ra3 Rc7 35. Rd1 Ra8 36. Ra6 Rd8 37. Nf4 Rh8 38. Rxd5+ 1-0

[Event "Budapest FS08 FM-B"]
[Site "Budapest"]
[Date "2009.08.03"]
[Round "3"]
[White "Paouris, Nikolaos"]
[Black "Christensen, Henrik1111"]
[Result "0-1"]
[WhiteElo "1897"]
[BlackElo "2020"]
[PlyCount "72"]
[EventDate "2009.08.01"]
[EventType "tourn"]
[EventRounds "11"]
[EventCountry "HUN"]
[SourceTitle "CBM 131 Extra"]
[Source "ChessBase"]
[SourceDate "2009.09.03"]
[SourceVersion "2"]
[SourceVersionDate "2009.09.16"]
[SourceQuality "1"]

1. Nf3 Nf6 2. c4 c6 3. g3 d5 4. b3 Bf5 5. Bg2 e6 6. Bb2 h6 7. 0-0 Nbd7 8. d3 Bd6 9. Nbd2 0-0 10. Qc2 e5 11. c5 Bc7 12. e4 Bh7 13. b4 Qe7 14. Rfe1 Rac8 15. Nb3 b6 16. Nfd2 a5 17. exd5 cxd5 18. c6 Bd6 19. b5 a4 20. Nc1 Nc5 21. Kf1 Rfe8 22. Rb1 Qe6 23. Bd4 Qf5 24. Bxc5 Bxc5 25. Re2 Ng4 26. Nf3 Bxf2 27. Qxa4 e4 28. Bh3 Ne3+ 29. Kxf2 Qxh3 30. Rxe3 exf3 31. Rxf3 Qxh2+ 32. Kf1 Qh1+ 33. Kf2 Re1 34. Ne2 Qf1+ 35. Ke3 Rxe2+ 36. Kd4 Qxf3 0-1

[Event "Athens Smaok op 1th"]
[Site "Athens"]
[Date "2006.12.08"]
[Round "5"]
[White "Paouris, Nikolaos"]
[Black "Karteri, Olga"]
[Result "1-0"]
[WhiteElo "1635"]
[BlackElo "1972"]
[PlyCount "47"]
[EventDate "2006.11.10"]
[EventType "swiss"]
[EventRounds "6"]
[EventCountry "GRE"]
[SourceTitle "EXT 2024"]
[Source "ChessBase"]
[SourceDate "2023.10.10"]
[SourceVersion "1"]
[SourceVersionDate "2023.10.10"]
[SourceQuality "1"]

1. e4 c5 2. Nf3 e6 3. Nc3 a6 4. d4 cxd4 5. Nxd4 d6 6. g3 Nf6 7. Bg2 Be7 8. 0-0 0-0 9. Be3 Qc7 10. f4 Nc6 11. Nxc6 bxc6 12. g4 Rd8 13. g5 Ne8 14. Qf3 d5 15. Qf2 Rb8 16. b3 Nd6 17. f5 Nxe4 18. Nxe4 dxe4 19. f6 Bd6 20. fxg7 Bxh2+ 21. Kh1 Bb7 22. Bb6 Bg3 23. Bxc7 Bxf2 24. Rxf2 1-0

[Event "Athens Smaok op 1th"]
[Site "Athens"]
[Date "2006.11.24"]
[Round "3"]
[White "Lymberopoulos, Georgios"]
[Black "Paouris, Nikolaos"]
[Result "1-0"]
[WhiteElo "1814"]
[BlackElo "1635"]
[PlyCount "65"]
[EventDate "2006.11.10"]
[EventType "swiss"]
[EventRounds "6"]
[EventCountry "GRE"]
[SourceTitle "EXT 2024"]
[Source "ChessBase"]
[SourceDate "2023.10.10"]
[SourceVersion "1"]
[SourceVersionDate "2023.10.10"]
[SourceQuality "1"]

1. e4 c6 2. d4 d5 3. e5 Bf5 4. Nf3 e6 5. Be2 c5 6. Be3 Nc6 7. 0-0 Qb6 8. Nc3 Qxb2 9. Nb5 Rc8 10. Qd2 Qxc2 11. Qxc2 Bxc2 12. Rfc1 Bg6 13. dxc5 a6 14. Nd6+ Bxd6 15. cxd6 f6 16. Rc3 Ra8 17. Rac1 Kd7 18. Nd4 fxe5 19. Nxc6 bxc6 20. Rxc6 Nf6 21. Rc7+ Kd8 22. Bb6 Ke8 23. Rc8+ Kf7 24. R1c7+ Nd7 25. Rxd7+ Kf6 26. Rxh8 Rxh8 27. Bd8+ Kf5 28. g4+ Kf4 29. h4 Bb1 30. Rf7+ Ke4 31. Bb6 d4 32. d7 d3 33. Bf3# 1-0

[Event "Athens Smaok op 1th"]
[Site "Athens"]
[Date "2006.11.16"]
[Round "2"]
[White "Paouris, Nikolaos"]
[Black "Savoglou, Nikolaos"]
[Result "0-1"]
[WhiteElo "1635"]
[BlackElo "1929"]
[PlyCount "60"]
[EventDate "2006.11.10"]
[EventType "swiss"]
[EventRounds "6"]
[EventCountry "GRE"]
[SourceTitle "EXT 2024"]
[Source "ChessBase"]
[SourceDate "2023.10.10"]
[SourceVersion "1"]
[SourceVersionDate "2023.10.10"]
[SourceQuality "1"]

1. e4 e6 2. d4 d5 3. Nc3 Nf6 4. e5 Nfd7 5. Nce2 c5 6. c3 cxd4 7. cxd4 f6 8. f4 fxe5 9. fxe5 Qh4+ 10. Ng3 Bb4+ 11. Kf2 0-0+ 12. Nf3 Nc6 13. Be3 Ndxe5 14. dxe5 Nxe5 15. Kg1 Nxf3+ 16. gxf3 Bd7 17. Bg2 Bc6 18. Rc1 e5 19. Bc5 Qf4 20. Kf2 Bxc5+ 21. Rxc5 Qb4 22. Rc2 e4 23. Re1 exf3 24. Bh3 Qb6+ 25. Re3 Rae8 26. Qd3 Bb5 27. Qxd5+ Kh8 28. Qc5 Qh6 29. Rxe8 Rxe8 30. Qxb5 Qe3+ 0-1